Central Library OPAC University of Rajshahi

Taxation of income and tax laws : (Record no. 59233)

MARC details
000 -LEADER
fixed length control field 00770nam a2200241 a 4500
001 - CONTROL NUMBER
control field 59233
003 - CONTROL NUMBER IDENTIFIER
rucl marc code BD-RjUL
005 - DATE AND TIME OF LATEST TRANSACTION
control field 20211209080716.0
008 - FIXED-LENGTH DATA ELEMENTS--GENERAL INFORMATION
fixed length control field 161222s1984 ii b 001 0 eng
020 ## - INTERNATIONAL STANDARD BOOK NUMBER
Terms of availability Rs120.00
035 ## - SYSTEM CONTROL NUMBER
System control number (BD-RjUL)59357
040 ## - CATALOGING SOURCE
Original cataloging agency DLC
Transcribing agency DLC
Modifying agency DLC
Language of cataloging eng
041 ## - LANGUAGE CODE
Language code of text/sound track or separate title eng
082 00 - DEWEY DECIMAL CLASSIFICATION NUMBER
Classification number 343.54052
Author mark and year AGT 1984
100 1# - MAIN ENTRY--PERSONAL NAME
Personal name Agarwal, Minu.
9 (RLIN) 176172
245 10 - TITLE STATEMENT
Title Taxation of income and tax laws :
Remainder of title a case analysis of the judicial tailorization of the concept of income /
Statement of responsibility, etc. Minu Agarwal.
260 ## - PUBLICATION, DISTRIBUTION, ETC. (IMPRINT)
Place of publication, distribution, etc. New Delhi :
Name of publisher, distributor, etc. Deep & Deep,
Date of publication, distribution, etc. c1984.
300 ## - PHYSICAL DESCRIPTION
Pagination 240 p. ;
Size 23 cm.
504 ## - BIBLIOGRAPHY, ETC. NOTE
Bibliography, etc Includes Bibliography: p. [235]-237. and index.
650 #0 - SUBJECT ADDED ENTRY--TOPICAL TERM
Topical term or geographic name as entry element Income tax
General subdivision Law and legislation
Geographic subdivision India.
9 (RLIN) 174981
942 ## - ADDED ENTRY ELEMENTS (KOHA)
Source of classification or shelving scheme Dewey Decimal Classification
Koha item type Books
Holdings
Lost status Source of classification or shelving scheme Damaged status Not for loan Collection code Permanent Location Current Location Shelving location Date acquired Source of acquisition Cost, normal purchase price Total Checkouts Full call number Date last seen Copy number Koha item type
  Dewey Decimal Classification   Not For Loan Non-fiction Central Library, University of Rajshahi Central Library, University of Rajshahi Reading Room 01/04/2000 Lucky Syndicate 120.00   343.54052 AGT 1984 22/12/2016 C-1 Books